000 00648cam a2200181 4500500
005 20260111080300.0
041 _afre
042 _adc
100 1 0 _aBreuer, Conrad
_eauthor
245 0 0 _aLe projet de dématérialisation au centre hospitalier du Mans : le choix de la modernisation
260 _c2018.
500 _a65
690 _adématérialisation des comptes
690 _afinances sociales
690 _ahôpitaux
786 0 _nGestion & Finances Publiques | 6 | 6 | 2018-11-30 | p. 77-84 | 1969-1009
856 4 1 _uhttps://droit.cairn.info/revue-gestion-et-finances-publiques-2018-6-page-77?lang=fr&redirect-ssocas=7080
999 _c1616104
_d1616104